| 000 | 00974nac a22002657a 4500 | ||
|---|---|---|---|
| 001 | BR7806068 | ||
| 003 | BR-BrBNA | ||
| 005 | 20240105114315.0 | ||
| 008 | 230509b bl.|||m| |||| 00| 0 por d | ||
| 040 |
_aBR-BrBNA _bpor _cBiblioteca Nacional de Agricultura |
||
| 072 | _aF00; F30; F25 | ||
| 090 | _a0180 BR7806068 | ||
| 110 | 1 |
_aOrganizacao das Cooperativas do Estado do Parana, Cascavel (Brasil) _97725 |
|
| 245 | 1 | _aTrigo - 1978 regioes norte e oeste: variedades recomendadas, descricoes varietais, epoca de plantio, densidade de plantio, zoneamento, adubacao, fitossanidade [Parana, Brasil] | |
| 260 | 3 |
_aCascavel, PR (Brasil): _c1978. |
|
| 300 | _a49 p. | ||
| 490 |
_aBoletim Tecnico - Organizacao das Cooperativas do Estado do Parana (Brazil) _vno. 2 _x |
||
| 650 | _aTRIGO | ||
| 650 | _aVARIEDADE | ||
| 650 | _aADUBACAO | ||
| 650 | _aDENSIDADE DE PLANTIO | ||
| 650 | _aPARANA | ||
| 909 |
_a202312 _bLúcia Elande _c55 _dLúcia Elande |
||
| 942 |
_2AGRIS _n0 _cMS |
||
| 999 |
_c268590 _d268590 |
||